A grammar of English on mathematical principles /

Bibliographic Details
Main Author: Harris, Zellig S. (Zellig Sabbettai), 1909-1992
Format: Book
Language:English
Published: New York : Wiley, [1982]
Subjects:

MARC

Tag First Indicator Second Indicator Subfields
LEADER 00000cam a22000008a 4500
001 in00000085443
005 20151008061502.0
008 810730s1982 nyu b 00110 eng
010 |a  81013003  
020 |a 0471029580 
035 |a (OCoLC)07739538 
035 |9 AAJ8164AM 
039 0 |a 2  |b 3  |c 3  |d 3  |e 3 
040 |a DLC  |c DLC  |d TXA  |d UtOrBLW 
049 |a TXAM  |c [1443203] 
050 0 0 |a PE1106  |b .H34 
082 0 |a 425  |2 19 
100 1 |a Harris, Zellig S.  |q (Zellig Sabbettai),  |d 1909-1992. 
245 1 2 |a A grammar of English on mathematical principles /  |c Zellig Harris. 
263 |a 8110 
264 1 |a New York :  |b Wiley,  |c [1982] 
264 4 |c ©1982 
300 |a xvi, 429 pages ;  |c 24 cm. 
336 |a text  |b txt  |2 rdacontent 
337 |a unmediated  |b n  |2 rdamedia 
338 |a volume  |b nc  |2 rdacarrier 
500 |a "A Wiley-Interscience publication." 
504 |a Includes bibliographical references and index. 
650 0 |a English language  |x Grammar. 
650 0 |a English language  |x Grammar, Generative. 
999 |a MARS 
999 f f |s 01e2ea03-8b87-3be5-b266-042a15e39e29  |i 8beafd25-e07d-374a-9b33-c7d92b19f599  |t 0 
952 f f |p ric  |a Texas A&M University  |b Rellis Campus  |c Joint Library Facility  |s JLF  |d Remote Storage  |t 0  |e PE1106 .H34  |h Library of Congress classification  |i unmediated -- volume  |m A14806174595 
998 f f |a PE1106 .H34  |t 0  |l Remote Storage